Stazione ferroviarie in Friuli-Venezia Giulia - Statistics

Statistiche generali
  • Questo quiz è stato fatto 131 volte
  • Il punteggio medio è 21 su 52
Statistiche sulle risposte
Hint Risposta % Corretto
UD Udine
95%
PN Pordenone
88%
GO Gorizia Centrale
87%
UD Latisana-Lignano-Bibione
77%
GO Monfalcone
76%
UD Cervignano-Aquileia-Grado
75%
UD Tarvisio Boscoverde
74%
TS Trieste Centrale
71%
UD Codroipo
69%
PN Sacile
69%
PN Sacile-San Liberale
69%
UD Palmanova
63%
PN San GIovanni di Casarsa
60%
GO Cormons
52%
UD Gemona del Friuli
52%
PN Casarsa
49%
GO Ronchi dei Legionari Nord
49%
GO Trieste Airport
45%
TS Bivio Aurisina
44%
PN San Vito al Tagliamento
43%
TS Villa Opicina
43%
UD San Giorgio di Nogaro
42%
UD Carnia
40%
TS Sistiana-Visogliano
37%
PN Aviano
36%
UD Basiliano
36%
TS Miramare
36%
UD San Giovanni al Natisone
36%
UD Buttrio
35%
UD Tarcento
32%
UD Tricesimo-San Pelagio
31%
PN Maniago
30%
GO Sagrado
30%
UD Pontebba
29%
PN Fontanafredda
27%
UD Manzano
27%
UD Artegna
26%
UD Venzone
26%
UD Ugovizza-Valbruna
21%
PN Cordovado Sesto
20%
UD Torviscosa
20%
PN Cusano
18%
UD Palazzolo dello Stella
15%
PN Budoia-Polcenigo
13%
UD Muzzana del Turgnano
11%
PN Pinzano
11%
PN Montereale Valcellina
10%
PN Meduno
7%
PN Forgaria-Bagni Anduins
6%
PN Travesio
6%
UD Cornino
4%
PN Fanna-Cavasso
4%
Nessun quiz corrispondente trovato
Distribuzione punteggi
Percentuale di utenti per punteggio
Percentile per numero di risposta
I tuoi punteggi nel tempo
Non hai fatto questo quiz